000 01168nam0a2200337 4500
001 RU\NLR\BIBL_A\011699315
005 20180525152530.0
010 _a978-5-227-08085-1
_9100000
021 _aRU
_bКН-П-18-025279
_9КН-П-18-1848
035 _a(NLR Aleph) 011699315
035 _a(RuMoRGB)009597069
090 _a11380403
_c11380403
100 _a20180514d2018 u y0rusy50 ca
101 1 _arus
_ceng
102 _aRU
105 _ay|||zzzz000ay
200 1 _aВ плену равнодушного сердца
_eроман
_fШантель Шоу
_g[перевод с английского Н. С. Сацюк]
_gАрлекин
210 _aМосква
_cЦентрполиграф
_d2018
215 _a157, [1] с.
_d17
225 1 _aПодари себе мечту
225 1 _aЛюбовный роман
_v0798
333 _a16+
686 _aШ5(4Вл)64-644
_2rubbk
686 1 _aШ6(4Вл)67-440.4{Лх1299-50}
700 1 _aШоу
_bШ.
_gШантель
_3RU\NLR\AUTH\77126261
942 _cBOOK
980 _aNBR
980 _aNB